|
|
|
|
| LEADER |
01160naa a2200265 i 4500 |
| 001 |
acta76337 |
| 005 |
20221108134835.0 |
| 008 |
220715s2022 hu o 1|| eng d |
| 020 |
|
|
|a 2978-963-306-860-1
|
| 040 |
|
|
|a SZTE Egyetemi Kiadványok Repozitórium
|b hun
|
| 041 |
|
|
|a eng
|
| 100 |
1 |
|
|a Zargar Tahoora Batool
|
| 245 |
1 |
0 |
|a Impact of different light intensities on spinach under drought conditions
|h [elektronikus dokumentum] /
|c Zargar Tahoora Batool
|
| 260 |
|
|
|a University of Szeged Faculty of Agriculture
|b Hódmezővásárhely
|c 2022
|
| 300 |
|
|
|a 99
|
| 490 |
0 |
|
|a Wellmann International Scientific Conference
|
| 650 |
|
4 |
|a Természettudományok
|
| 650 |
|
4 |
|a Biológiai tudományok
|
| 650 |
|
4 |
|a Mezőgazdaság-tudományok
|
| 650 |
|
4 |
|a Mezőgazdaság, erdészet, halászat
|
| 695 |
|
|
|a Növénytermesztés - előadáskivonat, Spenót - előadáskivonat, Növénybiológia - előadáskivonat
|
| 700 |
0 |
1 |
|a Basal Oqba
|e aut
|
| 700 |
0 |
1 |
|a Veres Szilvia
|e aut
|
| 710 |
|
|
|a Wellmann International Scientific Conference (19.) (2022) (Hódmezővásárhely)
|
| 856 |
4 |
0 |
|u http://acta.bibl.u-szeged.hu/76337/1/wellmann_abstracts_2022_099.pdf
|z Dokumentum-elérés
|